000 00343nam a2200133Ia 4500
008 230917s9999||||xx |||||||||||||| ||und||
040 _e159783
_aMAIN
041 _aEnglish
082 _a301.35 R137H
100 _aRajender Parsad
245 0 _aHaryana ke ek gaon ki samajik, aarthik evam rajnitik sanrochna
300 _a115 p.
942 _cTH
999 _c72446
_d72446